000 00374nam a2200145Ia 4500
005 20250323135929.0
008 240331s9999 xx 000 0 und d
082 _bMUT
_a894
100 _aMuthumohan, N
245 0 _aAmaippiyal pin amaippiyal
260 _aBangalore
_bKavvya
_c1998
300 _a179 p .,
500 _aA book of Structuralism post Structuralism
942 _cL
999 _c4105
_d4105